|
|
|
|
| LEADER |
01005nam a2200289 a 4500 |
| 001 |
156 |
| 003 |
BD-DhAAL |
| 005 |
20150319100255.0 |
| 008 |
150319s1994 nyua b 001 0 eng |
| 010 |
|
|
|a 93033423
|
| 020 |
|
|
|a 0673522830
|
| 040 |
|
|
|a DLC
|c DLC
|d DLC
|d BD-DhAAL
|
| 050 |
0 |
0 |
|a LB2395.3
|b .M37 1994
|
| 082 |
0 |
0 |
|a 428.4/07/11
|2 20
|
| 100 |
1 |
|
|a McWhorter, Kathleen T.
|9 9872
|
| 245 |
1 |
0 |
|a Academic reading /
|c Kathleen T. McWhorter.
|
| 250 |
|
|
|a 2nd ed.
|
| 260 |
|
|
|a New York, N.Y. :
|b HarperCollins College Publishers,
|c c1994.
|
| 300 |
|
|
|a xiii, 446 p. :
|b ill. ;
|c 24 cm.
|
| 504 |
|
|
|a Includes bibliographical references and index.
|
| 541 |
|
|
|e 156
|
| 650 |
|
0 |
|a Reading (Higher education)
|9 8049
|
| 650 |
|
0 |
|a Study skills.
|9 9227
|
| 650 |
|
0 |
|a Reading comprehension.
|9 9873
|
| 942 |
|
|
|2 ddc
|c BK
|
| 999 |
|
|
|c 34101
|d 34101
|
| 952 |
|
|
|0 0
|1 0
|2 ddc
|4 0
|6 428_407110000000000_MCW
|7 0
|9 53217
|a SCL
|b SCL
|c GEN
|d 2015-03-19
|e Gift: The Asia Foundation
|l 0
|o 428.40711 MCW
|p 3020000156
|r 2015-03-19
|t 1
|w 2015-03-19
|y BK
|